000 00969nam a2200229 a 4500
001 65729
003 BD-RjUL
005 20211209081445.0
008 170311s1995 bg ||||| |||| 00| 0 ben d
035 _a(BD-RjUL)65859
040 _aBD-RjUL
_bben
_cBD-RjUL
041 _aben
082 _223
_a297.272
_bJAI 1995
100 _aজায়দান, আবদুল করিম
_9122855
245 1 0 _aইসলামী রাষ্ট্র ব্যবস্থা /
_cআবদুল করিম জায়দান ; অনুবাদ : মুহাম্মদ আবদুর রহিম
260 _aঢাকা :
_bআধুনিক প্রকাশনী,
_c১৯৭৯
300 _a১২০ পৃ. ;
_c১৭ সেমি.
650 _aইসলাম ও রাষ্ট্র
_9122856
650 _aIslam & State
_9122857
700 _aঅনুবাদ : রহিম, মুহাম্মদ আবদুর
_9122858
942 _2ddc
_cBK
999 _c65729
_d65729